What are things made of? (Record no. 41123)

MARC details
000 -LEADER
fixed length control field 00583nam a2200217 i 4500
001 - CONTROL NUMBER
control field C2-0131977
003 - CONTROL NUMBER IDENTIFIER
control field PPAK
005 - DATE AND TIME OF LATEST TRANSACTION
control field 20180727122656.0
008 - FIXED-LENGTH DATA ELEMENTS--GENERAL INFORMATION
fixed length control field 971020s1992 enka|||| ||||| | eng d
020 ## - INTERNATIONAL STANDARD BOOK NUMBER
International Standard Book Number 1851031278
040 ## - CATALOGING SOURCE
Original cataloging agency PPAK
Language of cataloging eng
Transcribing agency PPAK
Description conventions rda
082 04 - DEWEY DECIMAL CLASSIFICATION NUMBER
Classification number 333.7
Edition number 23
090 00 - LOCALLY ASSIGNED LC-TYPE CALL NUMBER (OCLC); LOCAL CALL NUMBER (RLIN)
Classification number (OCLC) (R) ; Classification number, CALL (RLIN) (NR) 333.7
Feature heading WHA
Feature heading RK
245 00 - TITLE STATEMENT
Title What are things made of?
264 #1 - PRODUCTION, PUBLICATION, DISTRIBUTION, MANUFACTURE, AND COPYRIGHT NOTICE
Place of production, publication, distribution, manufacture London :
Name of producer, publisher, distributor, manufacturer Moonlight Publishing ,
Date of production, publication, distribution, manufacture, or copyright notice 1992
300 ## - PHYSICAL DESCRIPTION
Extent 77 pages :
Other physical details colour illustrations ;
Dimensions 28 cm
336 ## - CONTENT TYPE
Source rdacontent
Content type term text
337 ## - MEDIA TYPE
Source rdamedia
Media type term unmediated
338 ## - CARRIER TYPE
Source rdacarrier
Carrier type term volume
942 ## - ADDED ENTRY ELEMENTS (KOHA)
-- dc
Koha item type Book
Holdings
Withdrawn Not for loan Current library Shelving location Date acquired Full call number Barcode Date last seen Koha item type Total Checkouts
  Not For Loan Perpustakaan Awam Sungai Petani Rujukan Kanak-kanak 25/02/2004 RK 333.7 WHA A00436894 08/05/2018 Book  
  Not For Loan Perpustakaan Jitra Rujukan Kanak-kanak 31/05/2004 RK 333.7 WHA A00850574 08/05/2018 Book  
  Not For Loan Perpustakaan Kulim Rujukan Kanak-kanak 19/02/2004 RK 333.7 WHA A00341228 08/05/2018 Book  
  Not For Loan Perpustakaan Yan Rujukan Kanak-kanak 25/02/2004 RK 333.7 WHA A00163366 30/11/2021 Book